| 000 | 00632nam a2200133Ia 4500 | ||
|---|---|---|---|
| 008 | 220620s9999||||xx |||||||||||||| ||und|| | ||
| 100 | _aRobert J., Koestler | ||
| 245 | 0 |
_aBuilt Heritage Evaluation _bManual Using Simple Test Methods |
|
| 546 | _aEnglish[eng] | ||
| 650 | _ahistoric preservation manual||test equipment||microscopy||simple evaluation methods||ion tests||architectural heritage||building science||Macromolecular materials||materials conservation||solution chemistry||inorganic chemistry | ||
| 700 | _aCharola, A. Elena||Otero, Jorge||Depriest, Paula T. | ||
| 856 | _uhttps://doi.org/10.5479/si.16567623 | ||
| 942 | _cEB | ||
| 999 |
_c23309 _d23309 |
||